[Event "Titled Tuesday intern op 26th Sep Early"]
[Site "Chess.com INT"]
[Date "2023.09.26"]
[Round "1"]
[White "Saya, Ethan"]
[Black "Bharath, Subramaniyam H"]
[Result "1-0"]
[WhiteElo "2265"]
[BlackElo "2496"]
[PlyCount "109"]
[EventDate "2023.09.26"]
[EventType "swiss (blitz)"]
[EventRounds "11"]
[EventCountry "USA"]
[SourceTitle "EXT 2024"]
[Source "ChessBase"]
[SourceDate "2023.10.10"]
[SourceVersion "1"]
[SourceVersionDate "2023.10.10"]
[SourceQuality "1"]

1. e4 e5 2. Nf3 Nc6 3. Bc4 Nf6 4. d3 h6 5. 0-0 d6 6. Re1 g5 7. Nc3 Bg7 8. d4 g4 9. dxe5 Nd7 10. e6 fxe6 11. Nd2 Nde5 12. Be2 Qh4 13. Nf1 0-0 14. Ng3 Nd4 15. Be3 c5 16. Bxd4 cxd4 17. Nb5 Bd7 18. Nxd6 Bc6 19. Nc4 Rxf2 20. Kxf2 Qxh2 21. Rh1 Rf8+ 22. Bf3 gxf3 23. Rxh2 Ng4+ 24. Kg1 f2+ 25. Kh1 f1Q+ 26. Qxf1 Rxf1+ 27. Rxf1 Nxh2 28. Kxh2 Bb5 29. b3 Ba6 30. Nh5 b5 31. Nxg7 bxc4 32. bxc4 Kxg7 33. Rb1 Bxc4 34. Rb7+ Kf6 35. Rxa7 Ke5 36. a4 Kxe4 37. a5 Kd5 38. Kg3 e5 39. Kf2 e4 40. Rh7 e3+ 41. Ke1 Kc5 42. Rxh6 Kb4 43. a6 Bd5 44. Rd6 Bxg2 45. Rxd4+ Kb5 46. a7 Kb6 47. Ra4 Ba8 48. Ke2 Kb5 49. Ra1 Kb4 50. Kxe3 Kc3 51. Kf4 Kxc2 52. Ke5 Kb3 53. Kd6 Kb4 54. Kc7 Kb5 55. Kb8 1-0

[Event "Titled Tuesday intern op 05th Sep Early"]
[Site "Chess.com INT"]
[Date "2023.09.05"]
[Round "7"]
[White "Saya, Ethan"]
[Black "Ashraf, Artin"]
[Result "0-1"]
[WhiteElo "2265"]
[BlackElo "2340"]
[PlyCount "48"]
[EventDate "2023.09.05"]
[EventType "swiss (blitz)"]
[EventRounds "11"]
[EventCountry "USA"]
[SourceTitle "EXT 2024"]
[Source "ChessBase"]
[SourceDate "2023.10.10"]
[SourceVersion "1"]
[SourceVersionDate "2023.10.10"]
[SourceQuality "1"]

1. d4 Nf6 2. c4 g6 3. g3 c6 4. Bg2 d5 5. Nf3 Bg7 6. 0-0 0-0 7. Nbd2 Ne4 8. Qc2 Bf5 9. Qb3 Qb6 10. cxd5 Qxb3 11. Nxb3 cxd5 12. Bf4 Nc6 13. Rac1 Rfc8 14. Ne5 Nb4 15. a3 Nc2 16. Na5 Nxd4 17. Bf3 b6 18. Nac6 Nxc6 19. Nxc6 Kf8 20. b4 Nc3 21. Ne5 g5 22. Rxc3 Rxc3 23. Bxd5 gxf4 24. Bxa8 Bxe5 0-1

[Event "Titled Tuesday intern op 01st Aug Early"]
[Site "Chess.com INT"]
[Date "2023.08.01"]
[Round "1"]
[White "Saya, Ethan"]
[Black "Mikhaylova, Irina"]
[Result "1-0"]
[WhiteElo "2217"]
[BlackElo "2216"]
[PlyCount "127"]
[EventDate "2023.08.01"]
[EventType "swiss (blitz)"]
[EventRounds "11"]
[EventCountry "USA"]
[SourceTitle "EXT 2024"]
[Source "ChessBase"]
[SourceDate "2023.10.10"]
[SourceVersion "1"]
[SourceVersionDate "2023.10.10"]
[SourceQuality "1"]

1. d4 Nf6 2. c4 g6 3. g3 c6 4. Bg2 d5 5. Nf3 Bg7 6. 0-0 0-0 7. Nbd2 Bf5 8. Qb3 Qb6 9. c5 Qxb3 10. axb3 Nbd7 11. b4 a6 12. Nb3 Ra7 13. Na5 Re8 14. Bf4 Ne4 15. Bc7 e5 16. dxe5 Nxe5 17. Bb6 Raa8 18. Nxb7 Nc4 19. Nh4 Bxb2 20. Nxf5 gxf5 21. Bxe4 Bxa1 22. Bxf5 Bc3 23. Bd7 Bxb4 24. Bxc6 Rec8 25. Bxd5 Nxb6 26. cxb6 Rab8 27. Rb1 a5 28. Ra1 Rc2 29. Nxa5 Bxa5 30. Rxa5 Rxb6 31. Ra7 Rf6 32. Bf3 Kg7 33. Kg2 Rc8 34. h4 Rd8 35. Ra5 h6 36. Rh5 Rdd6 37. Re5 Rde6 38. Rc5 Rd6 39. Rb5 Rde6 40. Rb4 Rd6 41. Rb7 Rde6 42. e3 Rd6 43. Rc7 Rd2 44. Rc4 Rdd6 45. Re4 Kf8 46. Ra4 Rde6 47. Bd5 Rd6 48. e4 Rb6 49. f4 Rfd6 50. Ra7 Rf6 51. e5 Rf5 52. Be4 Rh5 53. Bf3 Rf5 54. Bg4 Rbf6 55. exf6 Rxf6 56. Bh5 Kg7 57. Rxf7+ Rxf7 58. Bxf7 Kxf7 59. g4 h5 60. g5 Kg6 61. Kf3 Kf5 62. Ke3 Kg4 63. g6 Kxh4 64. g7 1-0

[Event "Titled Tuesday intern op 01st Aug Early"]
[Site "Chess.com INT"]
[Date "2023.08.01"]
[Round "5"]
[White "Saya, Ethan"]
[Black "Rangel, Daniel"]
[Result "1-0"]
[WhiteElo "2217"]
[BlackElo "2199"]
[PlyCount "79"]
[EventDate "2023.08.01"]
[EventType "swiss (blitz)"]
[EventRounds "11"]
[EventCountry "USA"]
[SourceTitle "EXT 2024"]
[Source "ChessBase"]
[SourceDate "2023.10.10"]
[SourceVersion "1"]
[SourceVersionDate "2023.10.10"]
[SourceQuality "1"]

1. d4 Nf6 2. c4 e6 3. Nc3 d5 4. cxd5 exd5 5. Bg5 c6 6. e3 Be7 7. Bd3 Nbd7 8. Qc2 Nh5 9. Bxe7 Qxe7 10. Rc1 g6 11. Nxd5 Qd6 12. Nc3 0-0 13. Nf3 Ndf6 14. 0-0 Bg4 15. Ne5 Rae8 16. Ne4 Nxe4 17. Nxg4 Ng5 18. Ne5 f6 19. Nc4 Qd7 20. Be2 Ng7 21. Nd2 h5 22. h4 Nh7 23. Qxg6 f5 24. Bc4+ Kh8 25. Nf3 Rf6 26. Qg3 Qd6 27. Ne5 Ne6 28. Ng6+ Kg7 29. Qxd6 Rxg6 30. Qd7+ Kf8 31. Qxh7 Rg7 32. Qh8+ Ke7 33. Qxh5 Reg8 34. g3 f4 35. Bxe6 Kxe6 36. exf4 Kd7 37. Qf5+ Kc7 38. Rfe1 Rd7 39. h5 Rd5 40. Re5 1-0

[Event "Titled Tuesday intern op 01st Aug Early"]
[Site "Chess.com INT"]
[Date "2023.08.01"]
[Round "2"]
[White "Timofeev, Artyom"]
[Black "Saya, Ethan"]
[Result "0-1"]
[WhiteElo "2576"]
[BlackElo "2217"]
[PlyCount "78"]
[EventDate "2023.08.01"]
[EventType "swiss (blitz)"]
[EventRounds "11"]
[EventCountry "USA"]
[SourceTitle "EXT 2024"]
[Source "ChessBase"]
[SourceDate "2023.10.10"]
[SourceVersion "1"]
[SourceVersionDate "2023.10.10"]
[SourceQuality "1"]

1. c4 e6 2. Nc3 d5 3. d4 Nf6 4. Bg5 c6 5. e3 Nbd7 6. Nf3 Be7 7. Rc1 b6 8. cxd5 exd5 9. Bd3 Bb7 10. 0-0 0-0 11. Ne2 Ne4 12. Bxe7 Qxe7 13. a3 c5 14. dxc5 bxc5 15. Nf4 Rac8 16. Re1 Rfd8 17. Qe2 Ne5 18. Nxe5 Qxe5 19. h3 d4 20. Bc4 Nd6 21. Ba2 Nf5 22. Bb1 Nh4 23. Qg4 Ng6 24. Bxg6 hxg6 25. exd4 Qxd4 26. Re7 Be4 27. Re1 Bf5 28. Qg3 Qxb2 29. h4 Qf6 30. h5 g5 31. Nh3 Bxh3 32. Qxh3 c4 33. Rxa7 c3 34. Qe3 c2 35. Re7 Qf4 36. Qxf4 gxf4 37. Rc1 Rd1+ 38. Re1 Rxe1+ 39. Rxe1 c1Q 0-1

[Event "Titled Tuesday intern op 23rd May Early"]
[Site "Chess.com INT"]
[Date "2023.05.23"]
[Round "2"]
[White "Saya, Ethan"]
[Black "Mahdavi, Reza"]
[Result "0-1"]
[WhiteElo "2181"]
[BlackElo "2339"]
[PlyCount "74"]
[EventDate "2023.05.23"]
[EventType "swiss (blitz)"]
[EventRounds "11"]
[EventCountry "USA"]
[SourceTitle "CBM 214 Extra"]
[Source "ChessBase"]
[SourceDate "2023.07.31"]
[SourceVersion "1"]
[SourceVersionDate "2023.07.31"]
[SourceQuality "1"]

1. d4 Nf6 2. c4 e6 3. Nc3 d5 4. cxd5 exd5 5. Bg5 c6 6. e3 h6 7. Bh4 Be7 8. Bd3 0-0 9. Nge2 Ne8 10. Bxe7 Qxe7 11. 0-0 Nd6 12. Qc2 Nd7 13. b4 Nb6 14. b5 Bd7 15. bxc6 Bxc6 16. a4 Nbc4 17. Rfb1 Rac8 18. Bxc4 Nxc4 19. Nf4 Na3 20. Ncxd5 Qd6 21. Rxa3 Qxa3 22. Qb3 Qd6 23. Qb4 Qxb4 24. Nxb4 Be4 25. Re1 Rc4 26. Nbd5 Rd8 27. Ne7+ Kf8 28. Neg6+ Bxg6 29. Nxg6+ fxg6 30. Rb1 Rdc8 31. g3 Rc1+ 32. Rxc1 Rxc1+ 33. Kg2 Ra1 34. d5 Rxa4 35. d6 Rc4 36. d7 Ke7 37. d8Q+ Kxd8 0-1

[Event "Titled Tuesday intern op 23rd May Early"]
[Site "Chess.com INT"]
[Date "2023.05.23"]
[Round "8"]
[White "Saya, Ethan"]
[Black "Melikhov, Evgeny V"]
[Result "0-1"]
[WhiteElo "2181"]
[BlackElo "2269"]
[PlyCount "112"]
[EventDate "2023.05.23"]
[EventType "swiss (blitz)"]
[EventRounds "11"]
[EventCountry "USA"]
[SourceTitle "CBM 214 Extra"]
[Source "ChessBase"]
[SourceDate "2023.07.31"]
[SourceVersion "1"]
[SourceVersionDate "2023.07.31"]
[SourceQuality "1"]

1. d4 Nf6 2. c4 e6 3. Nc3 Bb4 4. Bd2 0-0 5. Nf3 d5 6. e3 Nc6 7. cxd5 Nxd5 8. Bd3 Nf6 9. 0-0 Bd6 10. e4 e5 11. d5 Ne7 12. Nb5 Ng6 13. Nxd6 cxd6 14. Rc1 h6 15. Qc2 Nh5 16. Rfe1 Bg4 17. Be2 Nhf4 18. Bxf4 Nxf4 19. h3 Nxe2+ 20. Qxe2 Bxf3 21. Qxf3 Rc8 22. Qf5 g6 23. Qg4 h5 24. Qe2 Qb6 25. b3 Rc5 26. Rxc5 Qxc5 27. Qe3 Qxe3 28. Rxe3 Rc8 29. Re2 f5 30. f3 f4 31. Kf2 g5 32. Ke1 Kf7 33. Kd1 g4 34. hxg4 hxg4 35. Re1 gxf3 36. gxf3 Rc3 37. Rh1 Rxf3 38. Rh7+ Kf6 39. Rxb7 Re3 40. Rxa7 f3 41. Ra8 Kf7 42. Ra7+ Kg6 43. Ra8 f2 44. Rf8 Re1+ 45. Kd2 f1Q 46. Rxf1 Rxf1 47. a4 Kg5 48. a5 Ra1 49. b4 Kf4 50. Kc3 Kxe4 51. Kb2 Rh1 52. a6 Kxd5 53. a7 Rh8 54. b5 Kc5 55. b6 Kxb6 56. a8Q Rxa8 0-1

[Event "Titled Tuesday intern op 23rd May Early"]
[Site "Chess.com INT"]
[Date "2023.05.23"]
[Round "5"]
[White "Saya, Ethan"]
[Black "Rodriguez Santiago, Jaime"]
[Result "0-1"]
[WhiteElo "2181"]
[BlackElo "2026"]
[PlyCount "168"]
[EventDate "2023.05.23"]
[EventType "swiss (blitz)"]
[EventRounds "11"]
[EventCountry "USA"]
[SourceTitle "CBM 214 Extra"]
[Source "ChessBase"]
[SourceDate "2023.07.31"]
[SourceVersion "1"]
[SourceVersionDate "2023.07.31"]
[SourceQuality "1"]

1. e4 c6 2. d4 d5 3. Nd2 dxe4 4. Nxe4 Nf6 5. Nxf6+ exf6 6. c3 Bd6 7. Bd3 0-0 8. Qc2 Re8+ 9. Ne2 h5 10. Be3 Be6 11. 0-0 h4 12. h3 Nd7 13. Bf4 Nf8 14. Rfe1 Qd7 15. b3 Rad8 16. Rad1 b5 17. Qc1 a5 18. Bxd6 Qxd6 19. Qf4 Qxf4 20. Nxf4 Bd7 21. Kf1 g6 22. Rxe8 Rxe8 23. Re1 Rxe1+ 24. Kxe1 f5 25. c4 Ne6 26. Ne2 Kf8 27. Kd2 Ke7 28. Ke3 Kd6 29. c5+ Ke7 30. Nf4 g5 31. Ne2 Nc7 32. Kd2 b4 33. Bc4 Be6 34. Kd3 Kf6 35. f4 g4 36. Ke3 Bd5 37. Kf2 g3+ 38. Kf1 Be4 39. Ng1 Bb1 40. Nf3 Bxa2 41. Nxh4 a4 42. Nf3 Bxb3 43. Bxb3 axb3 44. Nd2 b2 45. Ke2 Nb5 46. Kd3 Na3 47. d5 cxd5 48. Kd4 b1Q 49. Nxb1 Nxb1 50. Kxd5 Ke7 51. Kc4 Nd2+ 52. Kxb4 Nf1 53. h4 Ne3 54. h5 Nd5+ 55. Kb5 Nxf4 56. h6 Ng6 57. Kb6 f4 58. c6 f3 59. c7 f2 60. c8Q f1Q 61. Qc7+ Ke6 62. Qxg3 Qb1+ 63. Kc5 Qc2+ 64. Kb4 Qd2+ 65. Kc4 Qd5+ 66. Kc3 Qe5+ 67. Qxe5+ Kxe5 68. Kd3 Kf6 69. Ke4 Kg5 70. h7 Kh6 71. Kf5 Kxh7 72. Kf6 Kg8 73. g4 Nf8 74. g5 Ng6 75. Kf5 Kg7 76. Kg4 Ne7 77. Kf4 Kg6 78. Kg4 Nf5 79. Kf4 Ng7 80. Kg4 Ne6 81. Kh4 Nxg5 82. Kg3 Ne6 83. Kh2 f5 84. Kh1 Kf6 0-1

[Event "Angers op 16th"]
[Site "Angers"]
[Date "2023.05.21"]
[Round "6"]
[White "Saya, Ethan"]
[Black "Vergara, Jose"]
[Result "1-0"]
[WhiteElo "2181"]
[BlackElo "2011"]
[PlyCount "129"]
[EventDate "2023.05.19"]
[EventType "swiss"]
[EventRounds "6"]
[EventCountry "FRA"]
[SourceTitle "CBM 214 Extra"]
[Source "ChessBase"]
[SourceDate "2023.07.31"]
[SourceVersion "1"]
[SourceVersionDate "2023.07.31"]
[SourceQuality "1"]

1. e4 Nf6 2. e5 Nd5 3. d4 d6 4. c4 Nb6 5. exd6 exd6 6. Nc3 Be7 7. Bd3 Nc6 8. Nge2 Bf6 9. Be3 Bg4 10. Qd2 Qd7 11. b3 0-0 12. 0-0 d5 13. c5 Nc8 14. Ng3 g6 15. Bc2 N8e7 16. a3 h5 17. f3 Be6 18. Nge2 Bf5 19. Bd1 b6 20. b4 bxc5 21. bxc5 Rab8 22. Ba4 Qe6 23. Rfe1 Na5 24. Nf4 Nc4 25. Nxe6 Nxd2 26. Nxf8 Nc4 27. Bf2 Kxf8 28. Ra2 Nb2 29. Bb5 c6 30. Rxb2 cxb5 31. Rxb5 Rxb5 32. Nxb5 Nc6 33. Rd1 Bc2 34. Rd2 Bb3 35. Be3 Ke7 36. Kf2 Bg7 37. h4 f5 38. Bg5+ Kd7 39. Ke3 a6 40. Nd6 Ba4 41. Bf4 Bb3 42. Nf7 Na5 43. Nd6 Nc6 44. g3 Ba4 45. Nf7 Na5 46. Nd6 Nc6 47. Nf7 Na5 48. Re2 Bb5 49. Re1 Nc4+ 50. Kf2 Bxd4+ 51. Kg2 Bxc5 52. Bc1 d4 53. Ne5+ Nxe5 54. Rxe5 Bb6 55. g4 hxg4 56. fxg4 fxg4 57. Rg5 Be2 58. Rxg6 Bf3+ 59. Kg3 Ba5 60. h5 d3 61. h6 d2 62. Bxd2 Bxd2 63. Rg7+ Ke6 64. h7 Be1+ 65. Kh2 1-0

[Event "Titled Tuesday intern op 02nd May Late"]
[Site "Chess.com INT"]
[Date "2023.05.02"]
[Round "7"]
[White "Saya, Ethan"]
[Black "Gritsenko, Nikolai"]
[Result "1/2-1/2"]
[WhiteElo "2181"]
[BlackElo "2309"]
[PlyCount "99"]
[EventDate "2023.05.02"]
[EventType "swiss (blitz)"]
[EventRounds "11"]
[EventCountry "USA"]
[SourceTitle "EXT 2024"]
[Source "ChessBase"]
[SourceDate "2023.10.10"]
[SourceVersion "1"]
[SourceVersionDate "2023.10.10"]
[SourceQuality "1"]

1. e4 d5 2. exd5 Nf6 3. d4 Nxd5 4. Nf3 g6 5. Be2 Bg7 6. 0-0 0-0 7. c3 b6 8. Nbd2 Bb7 9. Re1 Nd7 10. Nc4 c5 11. Ne3 cxd4 12. Nxd4 Ne5 13. Nf3 Nxe3 14. Bxe3 Qxd1 15. Raxd1 Nxf3+ 16. Bxf3 Bxf3 17. gxf3 Rfd8 18. Kf1 f6 19. Ke2 Kf7 20. Rxd8 Rxd8 21. a4 Rd5 22. Rd1 Ke6 23. Rxd5 Kxd5 24. Kd3 f5 25. c4+ Kc6 26. b4 Be5 27. h3 Bd6 28. b5+ Kc7 29. f4 Kb7 30. Kd4 e6 31. Kd3 Be7 32. Bd2 h6 33. Be3 g5 34. fxg5 hxg5 35. c5 bxc5 36. Kc4 Kb6 37. Bd2 a5 38. bxa6 Kxa6 39. a5 g4 40. hxg4 fxg4 41. Bc3 Bh4 42. Be1 Be7 43. Bd2 Bh4 44. Be1 Bxf2 45. Bxf2 Kxa5 46. Kxc5 Ka4 47. Kd6 Kb3 48. Kxe6 Kc4 49. Kf5 g3 50. Bxg3 1/2-1/2

[Event "Titled Tuesday intern op 02nd May Early"]
[Site "Chess.com INT"]
[Date "2023.05.02"]
[Round "2"]
[White "Saya, Ethan"]
[Black "Schut, Han"]
[Result "1/2-1/2"]
[WhiteElo "2181"]
[BlackElo "2101"]
[PlyCount "214"]
[EventDate "2023.05.02"]
[EventType "swiss (blitz)"]
[EventRounds "11"]
[EventCountry "USA"]
[SourceTitle "EXT 2024"]
[Source "ChessBase"]
[SourceDate "2023.10.10"]
[SourceVersion "1"]
[SourceVersionDate "2023.10.10"]
[SourceQuality "1"]

1. e4 c5 2. Nf3 d6 3. d4 cxd4 4. Qxd4 Nc6 5. Bb5 Bd7 6. Bxc6 Bxc6 7. Nc3 Nf6 8. Bg5 e6 9. 0-0-0 Be7 10. Bxf6 Bxf6 11. Qxd6 Qxd6 12. Rxd6 Bxc3 13. bxc3 Bxe4 14. Ne5 Rc8 15. Kb2 0-0 16. f3 Bd5 17. Rd1 f6 18. c4 Bxc4 19. Nxc4 Rxc4 20. Rxe6 Rfc8 21. Rd2 Kf7 22. Red6 R8c7 23. Rd7+ Ke6 24. R2d6+ Ke5 25. Rd5+ Kf4 26. Rd4+ Ke5 27. Rxc7 Rxc7 28. Re4+ Kf5 29. c4 g5 30. Kc3 b5 31. g4+ Kg6 32. Kb4 bxc4 33. Rxc4 Rb7+ 34. Kc3 h5 35. h3 hxg4 36. hxg4 Re7 37. Kd3 Rd7+ 38. Rd4 Rb7 39. Ra4 Rd7+ 40. Ke3 Re7+ 41. Re4 Rb7 42. Ra4 Re7+ 43. Kf2 Rb7 44. Kg3 Kf7 45. Ra6 Rc7 46. Ra3 Rb7 47. f4 gxf4+ 48. Kxf4 Kg6 49. Ra4 Re7 50. Ra6 Rb7 51. a3 Rc7 52. Ra4 Rb7 53. Kg3 Rd7 54. Kh4 Rh7+ 55. Kg3 Rd7 56. Ra5 Rd3+ 57. Kh4 Rd7 58. Rb5 Rc7 59. a4 Rh7+ 60. Rh5 Rd7 61. Ra5 Rc7 62. Ra6 Rh7+ 63. Kg3 Rc7 64. Kf4 Rc4+ 65. Kf3 Rc7 66. Ra5 Rc3+ 67. Kf4 Rc4+ 68. Kg3 Rc7 69. Rb5 Rd7 70. a5 Rd3+ 71. Kh4 Ra3 72. Rc5 Ra4 73. Rd5 a6 74. Kg3 Ra3+ 75. Kf4 Ra4+ 76. Kf3 Ra3+ 77. Kf2 Ra2+ 78. Kg3 Ra3+ 79. Kg2 Ra2+ 80. Kh3 Ra3+ 81. Kh4 Ra4 82. Rc5 Ra3 83. Rh5 Ra1 84. Rf5 Ra4 85. Rd5 Ra3 86. Rc5 Ra4 87. Kg3 Ra3+ 88. Kf2 Ra2+ 89. Ke3 Ra3+ 90. Ke2 Ra4 91. Ke3 Ra3+ 92. Kd4 Ra4+ 93. Kd5 Rxg4 94. Kc6 Ra4 95. Kb6 f5 96. Kxa6 Kg5 97. Kb6 Ra1 98. a6 Kg4 99. a7 Rxa7 100. Kxa7 f4 101. Kb6 f3 102. Rc1 f2 103. Kc5 Kf3 104. Kd4 Kg2 105. Rc2 Kg1 106. Rc1+ f1Q 107. Rxf1+ Kxf1 1/2-1/2

[Event "Titled Tuesday intern op 02nd May Late"]
[Site "Chess.com INT"]
[Date "2023.05.02"]
[Round "5"]
[White "Tristan, Leonardo"]
[Black "Saya, Ethan"]
[Result "0-1"]
[WhiteElo "2545"]
[BlackElo "2181"]
[PlyCount "118"]
[EventDate "2023.05.02"]
[EventType "swiss (blitz)"]
[EventRounds "11"]
[EventCountry "USA"]
[SourceTitle "EXT 2024"]
[Source "ChessBase"]
[SourceDate "2023.10.10"]
[SourceVersion "1"]
[SourceVersionDate "2023.10.10"]
[SourceQuality "1"]

1. d4 Nf6 2. Nf3 d5 3. Bf4 c5 4. e3 Nc6 5. Nbd2 cxd4 6. exd4 Bg4 7. c3 e6 8. Qb3 Qb6 9. Qxb6 axb6 10. Bb5 Bxf3 11. Nxf3 Nd7 12. 0-0 Be7 13. Rfe1 0-0 14. h4 Rfc8 15. h5 Bd8 16. h6 Bc7 17. Bxc7 Rxc7 18. hxg7 Kxg7 19. g3 Nf6 20. Kg2 Na7 21. Bd3 Nc8 22. Ne5 Nd6 23. a3 Nc4 24. Re2 h6 25. Rh1 Nxe5 26. Rxe5 Rh8 27. f3 Rcc8 28. g4 Rcg8 29. Kf2 Kf8 30. a4 Ke7 31. Ra1 Rg5 32. a5 bxa5 33. Rxa5 Rxe5 34. dxe5 Nd7 35. f4 h5 36. Ra7 hxg4 37. Rxb7 Rh2+ 38. Kg3 Rh3+ 39. Kxg4 Rxd3 40. f5 exf5+ 41. Kxf5 Rf3+ 42. Kg4 Re3 43. Kf4 Re4+ 44. Kf3 Rxe5 45. b4 Rh5 46. Ra7 Rh3+ 47. Kf4 Rxc3 48. Rb7 Rc4+ 49. Kf5 Kd6 50. b5 Rb4 51. Kg5 d4 52. Kf4 f5 53. Ra7 Rxb5 54. Ra4 Rd5 55. Ra6+ Kc5 56. Ra5+ Kc4 57. Ra4+ Kb3 58. Ra7 d3 59. Ra5 Rxa5 0-1

[Event "Titled Tuesday intern op 18th Apr Early"]
[Site "Chess.com INT"]
[Date "2023.04.18"]
[Round "2"]
[White "Saya, Ethan"]
[Black "Broca Jimenez, Fernando"]
[Result "0-1"]
[WhiteElo "2179"]
[BlackElo "2075"]
[PlyCount "58"]
[EventDate "2023.04.18"]
[EventType "swiss (blitz)"]
[EventRounds "11"]
[EventCountry "USA"]
[SourceTitle "EXT 2024"]
[Source "ChessBase"]
[SourceDate "2023.10.10"]
[SourceVersion "1"]
[SourceVersionDate "2023.10.10"]
[SourceQuality "1"]

1. e4 c5 2. Nf3 g6 3. d4 cxd4 4. Qxd4 Nf6 5. e5 Nc6 6. Qg4 Nxg4 7. Bf4 Bg7 8. Nc3 Ngxe5 9. Nd2 d6 10. 0-0-0 Be6 11. h4 h5 12. Nde4 Nc4 13. Ng5 Qb6 14. b3 Bxc3 15. Nxe6 fxe6 16. Bxc4 d5 17. Bd3 Rf8 18. Bxg6+ Kd7 19. Bg5 Qb4 20. Kb1 a5 21. Bxh5 a4 22. Rh3 axb3 23. cxb3 Rxa2 24. Rxd5+ exd5 25. Bg4+ e6 26. Bxe6+ Kxe6 27. Re3+ Ne5 28. f4 Qxb3+ 29. Kc1 Qc2# 0-1

[Event "Titled Tuesday intern op 18th Apr Early"]
[Site "Chess.com INT"]
[Date "2023.04.18"]
[Round "1"]
[White "Zhigalko, Sergei"]
[Black "Saya, Ethan"]
[Result "1-0"]
[WhiteElo "2572"]
[BlackElo "2179"]
[PlyCount "45"]
[EventDate "2023.04.18"]
[EventType "swiss (blitz)"]
[EventRounds "11"]
[EventCountry "USA"]
[SourceTitle "EXT 2024"]
[Source "ChessBase"]
[SourceDate "2023.10.10"]
[SourceVersion "1"]
[SourceVersionDate "2023.10.10"]
[SourceQuality "1"]

1. e4 e6 2. d4 d5 3. e5 c5 4. c3 Nc6 5. Nf3 Bd7 6. Be2 f6 7. 0-0 fxe5 8. Nxe5 Nxe5 9. dxe5 Qc7 10. c4 Qxe5 11. Bh5+ g6 12. Bf3 0-0-0 13. cxd5 exd5 14. Re1 Qd6 15. Qxd5 Qxd5 16. Bxd5 Nf6 17. Bf3 Bf5 18. Nc3 Bg7 19. Bf4 a6 20. Na4 Nd7 21. Re7 Bf6 22. Nb6+ Nxb6 23. Bxb7# 1-0

[Event "Titled Tuesday intern op 04th Apr Late"]
[Site "Chess.com INT"]
[Date "2023.04.04"]
[Round "1"]
[White "Saya, Ethan"]
[Black "Vakhlamov, Igor L"]
[Result "0-1"]
[WhiteElo "2179"]
[BlackElo "2413"]
[PlyCount "94"]
[EventDate "2023.04.04"]
[EventType "swiss (blitz)"]
[EventRounds "11"]
[EventCountry "USA"]
[SourceTitle "EXT 2024"]
[Source "ChessBase"]
[SourceDate "2023.10.10"]
[SourceVersion "1"]
[SourceVersionDate "2023.10.10"]
[SourceQuality "1"]

1. d4 d5 2. c4 e6 3. Nc3 c5 4. cxd5 cxd4 5. Qxd4 Nc6 6. Qc4 exd5 7. Qxd5 Bd6 8. Bg5 Nge7 9. Bxe7 Qxe7 10. 0-0-0 Be5 11. Qb3 0-0 12. Nf3 Be6 13. Qa4 Bxc3 14. bxc3 Qc5 15. Qc2 Rac8 16. e3 Nb4 17. Qb2 Nxa2+ 18. Kd2 Nxc3 19. Bd3 Nxd1 20. Rxd1 Rfd8 21. Nd4 Bd5 22. Ke2 g6 23. f3 a5 24. Kf2 a4 25. Ra1 Qc3 26. Qxc3 Rxc3 27. Be2 Ra8 28. Nb5 Rc2 29. Ke1 Rxe2+ 30. Kxe2 Bc4+ 31. Kd2 Bxb5 32. Kc3 Bc6 33. Kb4 Rd8 34. Ka5 Rd2 35. h3 Rxg2 36. h4 Bxf3 37. Kb6 Bc6 38. h5 gxh5 39. Rd1 a3 40. Rd8+ Kg7 41. Rd1 a2 42. Ra1 h4 43. Kc7 h3 44. Kd8 h2 45. Ke7 Re2 46. Rh1 Bxh1 47. Kd6 a1Q 0-1

[Event "Titled Tuesday intern op 28th Mar Early"]
[Site "Chess.com INT"]
[Date "2023.03.28"]
[Round "1"]
[White "Saya, Ethan"]
[Black "Karthik, Venkataraman"]
[Result "1/2-1/2"]
[WhiteElo "2179"]
[BlackElo "2516"]
[PlyCount "67"]
[EventDate "2023.03.28"]
[EventType "swiss (blitz)"]
[EventRounds "11"]
[EventCountry "USA"]
[SourceTitle "EXT 2024"]
[Source "ChessBase"]
[SourceDate "2023.10.10"]
[SourceVersion "1"]
[SourceVersionDate "2023.10.10"]
[SourceQuality "1"]

1. d4 d5 2. c4 e6 3. Nf3 a6 4. g3 dxc4 5. Bg2 c5 6. 0-0 Nc6 7. dxc5 Qxd1 8. Rxd1 Bxc5 9. Nfd2 Na5 10. Nc3 Nf6 11. Nde4 Nxe4 12. Nxe4 Be7 13. Bd2 Nc6 14. Rac1 e5 15. Rxc4 Be6 16. Rcc1 Bxa2 17. Nc5 Bxc5 18. Rxc5 0-0 19. Bc3 Rad8 20. Rxd8 Rxd8 21. Bxc6 bxc6 22. Bxe5 Rd2 23. e4 f6 24. Bc3 Re2 25. Rxc6 Rxe4 26. Rxa6 Bc4 27. Ra7 Re2 28. Kg2 Bd5+ 29. Kf1 Bf3 30. Ra3 Rc2 31. Ke1 Re2+ 32. Kf1 Rc2 33. Ke1 Re2+ 34. Kf1 1/2-1/2

[Event "Titled Tuesday intern op 28th Mar Early"]
[Site "Chess.com INT"]
[Date "2023.03.28"]
[Round "4"]
[White "Saya, Ethan"]
[Black "Poormosavi, Seyed Kian"]
[Result "0-1"]
[WhiteElo "2179"]
[BlackElo "2415"]
[PlyCount "64"]
[EventDate "2023.03.28"]
[EventType "swiss (blitz)"]
[EventRounds "11"]
[EventCountry "USA"]
[SourceTitle "EXT 2024"]
[Source "ChessBase"]
[SourceDate "2023.10.10"]
[SourceVersion "1"]
[SourceVersionDate "2023.10.10"]
[SourceQuality "1"]

1. d4 Nf6 2. c4 Nc6 3. g3 e5 4. dxe5 Nxe5 5. b3 Bc5 6. Bg2 Qe7 7. Nf3 Nxf3+ 8. Bxf3 Qe5 9. Qc2 Qxa1 10. Bb2 Bb4+ 11. Kf1 Qxa2 12. Kg2 0-0 13. Nc3 Bxc3 14. Qxc3 Qa6 15. h4 Qe6 16. h5 h6 17. Bd5 Qe7 18. Rh4 d6 19. Rf4 c6 20. Bf3 Re8 21. Qc1 Nd7 22. Bxg7 Kxg7 23. Rg4+ Kh7 24. Be4+ Qxe4+ 25. Rxe4 Rxe4 26. Qc2 f5 27. g4 Nf6 28. f3 Re5 29. Kf2 Bd7 30. Qc3 Rae8 31. e3 fxg4 32. f4 Ne4+ 0-1